[Event "Madrid-ch U16"]
[Site "Madrid"]
[Date "2018.04.21"]
[Round "6"]
[White "Carrasco Coquillat, Alvaro"]
[Black "Ochoa Gonzalez, Hugo"]
[Result "1-0"]
[WhiteElo "1869"]
[BlackElo "1609"]
[PlyCount "119"]
[EventDate "2018.04.14"]
[EventType "swiss"]
[EventRounds "6"]
[EventCountry "ESP"]
[SourceTitle "EXT 2019"]
[Source "ChessBase"]
[SourceDate "2018.10.10"]
[SourceVersion "1"]
[SourceVersionDate "2018.10.10"]
[SourceQuality "1"]

1. d4 Nf6 2. Nf3 g6 3. c4 Bg7 4. Nc3 0-0 5. e4 d6 6. Be2 e5 7. 0-0 Nbd7 8. Be3 a5 9. Qc2 h6 10. h3 Nh5 11. Qd2 exd4 12. Nxd4 Qh4 13. Nf3 Qe7 14. Nd5 Qxe4 15. Bd3 Qe8 16. Nxc7 Qd8 17. Nxa8 Nc5 18. Bxc5 dxc5 19. Be2 Qxd2 20. Nxd2 Bxb2 21. Rab1 Bc3 22. Rbd1 Nf4 23. Bf3 Bf5 24. Nb6 Bd3 25. Ne4 Bxf1 26. Nxc3 Bd3 27. Nbd5 Nxd5 28. Bxd5 Bf5 29. Bxb7 Be6 30. Bd5 Bd7 31. Ne4 Ba4 32. Rd2 Rc8 33. Nd6 Rc7 34. Nxf7 Rxf7 35. Bxf7+ Kxf7 36. Rd5 Bc2 37. Rxc5 a4 38. Kf1 Ke6 39. Ra5 Bd3+ 40. Ke1 Bxc4 41. Rxa4 Bd5 42. f3 g5 43. Ra6+ Kf5 44. Ra5 Ke6 45. Rxd5 Kxd5 46. Kf2 h5 47. Kg3 Kd4 48. h4 Ke5 49. hxg5 Kf5 50. a4 Ke5 51. a5 h4+ 52. Kxh4 Kd6 53. a6 Ke7 54. a7 Kf7 55. a8Q Kg6 56. Qe4+ Kg7 57. Qe6 Kf8 58. Qd7 Kg8 59. g6 Kh8 60. Qh7# 1-0

[Event "Madrid-ch U16"]
[Site "Madrid"]
[Date "2018.04.14"]
[Round "1"]
[White "Ochoa Gonzalez, Hugo"]
[Black "Andrade Sandoval, Bianca"]
[Result "1/2-1/2"]
[WhiteElo "1609"]
[BlackElo "1952"]
[PlyCount "115"]
[EventDate "2018.04.14"]
[EventType "swiss"]
[EventRounds "6"]
[EventCountry "ESP"]
[SourceTitle "EXT 2019"]
[Source "ChessBase"]
[SourceDate "2018.10.10"]
[SourceVersion "1"]
[SourceVersionDate "2018.10.10"]
[SourceQuality "1"]

1. e4 c5 2. Nf3 e6 3. d4 cxd4 4. Nxd4 a6 5. Bd3 Qc7 6. 0-0 Nf6 7. Qe2 d6 8. c4 Be7 9. Nc3 Nbd7 10. f4 b6 11. Nf3 Bb7 12. e5 dxe5 13. fxe5 Ng4 14. Be4 h5 15. h3 Bc5+ 16. Kh1 Bxe4 17. Qxe4 Rc8 18. Nd1 Ngxe5 19. Bf4 Bd6 20. Ne3 Nf6 21. Qd4 Nxf3 22. Rxf3 e5 23. Qd2 exf4 24. Nf5 Rd8 25. Re1+ Kf8 26. Rd3 Ne8 27. Rd1 Qxc4 28. Nxd6 Nxd6 29. Rxd6 Rxd6 30. Qxd6+ Kg8 31. Qe5 Qc5 32. Qe4 g6 33. Qxf4 Kg7 34. Rf1 Re8 35. Qf6+ Kg8 36. a3 a5 37. Qf3 Qb5 38. Qf2 Qc4 39. Qf6 Qe6 40. Qf3 Rc8 41. Qf2 Rc5 42. Rd1 Qf5 43. Qd4 Qe5 44. Qd8+ Kg7 45. Qxb6 Rd5 46. Rxd5 Qxd5 47. Qc7 Qd2 48. Qe5+ Kf8 49. Qb8+ Ke7 50. Qc7+ Ke6 51. Qc4+ Qd5 52. Qa6+ Ke5 53. Qe2+ Kd6 54. Qa6+ Kc7 55. Qa7+ Kc8 56. Qa6+ Kb8 57. Qe2 Qf5 58. Qe8+ 1/2-1/2

[Event "Madrid-ch Previa-B"]
[Site "Madrid"]
[Date "2018.02.16"]
[Round "6"]
[White "Ochoa Gonzalez, Hugo"]
[Black "Martin Rodriguez, Jose Luis"]
[Result "1-0"]
[WhiteElo "1650"]
[BlackElo "1300"]
[PlyCount "87"]
[EventDate "2018.02.01"]
[EventType "swiss"]
[EventRounds "9"]
[EventCountry "ESP"]
[SourceTitle "EXT 2020"]
[Source "ChessBase"]
[SourceDate "2019.10.17"]
[SourceVersion "1"]
[SourceVersionDate "2019.10.17"]
[SourceQuality "1"]

1. e4 e6 2. d4 d5 3. Nc3 dxe4 4. Nxe4 Nf6 5. Bg5 Be7 6. Nxf6+ Bxf6 7. Bxf6 Qxf6 8. Nf3 0-0 9. Bd3 Nd7 10. 0-0 Nb6 11. c4 Rd8 12. Qe2 Nd7 13. Rad1 b6 14. Qe4 Rb8 15. Qxh7+ Kf8 16. Rfe1 Bb7 17. d5 Ke7 18. dxe6 Nf8 19. exf7+ Ne6 20. f8Q+ Rxf8 21. Be4 Rh8 22. Qf5 Bxe4 23. Qxf6+ Kxf6 24. Rxe4 Rbd8 25. Rde1 Rhe8 26. h4 Re7 27. Ng5 Rde8 28. Rxe6+ Rxe6 29. Rxe6+ Rxe6 30. Nxe6 Kxe6 31. Kf1 Ke5 32. Ke2 Ke4 33. f3+ Kf4 34. Kf2 g5 35. g3+ Kf5 36. hxg5 Kxg5 37. Ke3 c5 38. Ke4 a6 39. a4 Kg6 40. f4 Kf6 41. g4 Ke6 42. b3 a5 43. f5+ Kf6 44. Kd5 1-0

[Event "Madrid San Viator op-A 29th"]
[Site "Madrid"]
[Date "2017.10.29"]
[Round "6"]
[White "Lopez Moreno, Jesus"]
[Black "Ochoa Gonzalez, Hugo"]
[Result "1-0"]
[WhiteElo "2043"]
[BlackElo "1557"]
[PlyCount "51"]
[EventDate "2017.09.17"]
[EventType "swiss"]
[EventRounds "9"]
[EventCountry "ESP"]
[SourceTitle "EXT 2019"]
[Source "ChessBase"]
[SourceDate "2018.10.10"]
[SourceVersion "1"]
[SourceVersionDate "2018.10.10"]
[SourceQuality "1"]

1. d4 Nf6 2. c4 g6 3. Nc3 Bg7 4. e4 d6 5. f3 Nbd7 6. Nh3 e5 7. d5 a5 8. Bg5 h6 9. Be3 b6 10. Qd2 Nc5 11. Nf2 Nh5 12. g3 g5 13. Be2 0-0 14. f4 gxf4 15. Bxc5 fxg3 16. Bxh5 gxf2+ 17. Bxf2 Kh7 18. 0-0-0 a4 19. Rhg1 f5 20. Rxg7+ Kxg7 21. Rg1+ Kh7 22. Bg6+ Kg7 23. Bxf5+ Kf7 24. Qxh6 Bxf5 25. Rg7+ Ke8 26. Qh5+ 1-0

[Event "Madrid-ch Previa-B"]
[Site "Madrid"]
[Date "2017.02.03"]
[Round "2"]
[White "Osuna Osuna, Francisco"]
[Black "Ochoa Gonzalez, Hugo"]
[Result "0-1"]
[WhiteElo "1588"]
[BlackElo "1422"]
[PlyCount "76"]
[EventDate "2017.02.02"]
[EventType "swiss"]
[EventRounds "9"]
[EventCountry "ESP"]
[SourceTitle "EXT 2018"]
[Source "ChessBase"]
[SourceDate "2017.10.13"]
[SourceVersion "1"]
[SourceVersionDate "2017.10.13"]
[SourceQuality "1"]

1. e4 c5 2. Nc3 Nc6 3. f4 e6 4. Nf3 Nge7 5. Bc4 d5 6. Bb3 d4 7. Na4 Ng6 8. d3 b5 9. Nxc5 Bxc5 10. 0-0 0-0 11. f5 Nge5 12. Nxe5 Nxe5 13. fxe6 Bxe6 14. Bxe6 fxe6 15. Bf4 Ng6 16. Qg4 Nxf4 17. Rxf4 Rxf4 18. Qxf4 Bd6 19. e5 Qf8 20. Qg4 Bc7 21. Qxe6+ Qf7 22. Qc6 Rf8 23. Qf3 Qxf3 24. gxf3 Rxf3 25. Re1 Re3 26. Rf1 Rxe5 27. h3 Rg5+ 28. Kh1 Rg3 29. Re1 Rxh3+ 30. Kg2 Re3 31. Rc1 h5 32. c3 h4 33. cxd4 Bg3 34. Rc8+ Kf7 35. Ra8 Re2+ 36. Kh1 h3 37. Rxa7+ Kg6 38. Ra6+ Kh7 0-1

[Event "Madrid-ch Previa-B"]
[Site "Madrid"]
[Date "2016.02.19"]
[Round "6"]
[White "Canseco Arenas, Alfonso"]
[Black "Ochoa Gonzalez, Hugo"]
[Result "1/2-1/2"]
[WhiteElo "1697"]
[BlackElo "1346"]
[PlyCount "63"]
[EventDate "2016.02.04"]
[EventType "swiss"]
[EventRounds "9"]
[EventCountry "ESP"]
[SourceTitle "CBM 171 Extra"]
[Source "ChessBase"]
[SourceDate "2016.04.26"]
[SourceVersion "1"]
[SourceVersionDate "2016.04.26"]
[SourceQuality "1"]

1. a3 e5 2. c4 Nc6 3. Nc3 d6 4. g3 g6 5. Bg2 f5 6. d3 h6 7. Nf3 Nf6 8. Rb1 Bg7 9. Nh4 Ne7 10. Bd2 0-0 11. b4 g5 12. Nf3 Rb8 13. b5 b6 14. 0-0 Qe8 15. h3 Qh5 16. Nh2 Bb7 17. e3 g4 18. Bxb7 Rxb7 19. h4 Ng6 20. Kh1 f4 21. e4 fxg3 22. fxg3 Nxh4 23. gxh4 Qxh4 24. Rg1 g3 25. Rg2 gxh2 26. Rxh2 Qg3 27. Qe2 Ng4 28. Rg2 Nf2+ 29. Kg1 Nh3+ 30. Kh1 Nf2+ 31. Kg1 Nh3+ 32. Kh1 1/2-1/2

[Event "Madrid-ch Previa-B"]
[Site "Madrid"]
[Date "2016.02.05"]
[Round "2"]
[White "Ochoa Gonzalez, Hugo"]
[Black "Raya Rodriguez, Juan"]
[Result "0-1"]
[WhiteElo "1346"]
[BlackElo "1652"]
[PlyCount "132"]
[EventDate "2016.02.04"]
[EventType "swiss"]
[EventRounds "9"]
[EventCountry "ESP"]
[SourceTitle "CBM 171 Extra"]
[Source "ChessBase"]
[SourceDate "2016.04.26"]
[SourceVersion "1"]
[SourceVersionDate "2016.04.26"]
[SourceQuality "1"]

1. e4 e5 2. Nf3 Nc6 3. Bb5 a6 4. Ba4 Nf6 5. 0-0 b5 6. Bb3 Be7 7. Re1 0-0 8. a4 Bb7 9. c3 Re8 10. d4 exd4 11. e5 Ng4 12. Nxd4 Ngxe5 13. Nxc6 Nxc6 14. Qh5 g6 15. Qd5 Bh4 16. Rf1 Qf6 17. g3 Na5 18. Qxf7+ Qxf7 19. Bxf7+ Kxf7 20. gxh4 Nb3 21. Ra2 Nxc1 22. Rxc1 Bd5 23. Ra3 Re2 24. axb5 axb5 25. Rxa8 Bxa8 26. b4 Be4 27. Rd1 Bxb1 28. Rxb1 Rc2 29. Rd1 Rxc3 30. Rxd7+ Kg8 31. h5 Rc4 32. hxg6 hxg6 33. Kf1 c6 34. Rd6 Kf7 35. Ke2 g5 36. Kd2 Ke7 37. Rg6 g4 38. Ke3 Kd7 39. Rg7+ Kc8 40. Rg8+ Kc7 41. Rg7+ Kb6 42. f4 gxf3 43. Kxf3 Rxb4 44. Rh7 Rd4 45. h4 Rd8 46. h5 b4 47. Re7 c5 48. h6 b3 49. h7 b2 50. Re1 c4 51. Rg1 Rh8 52. Rg8 b1Q 53. Rxh8 Qd3+ 54. Kg2 Qe4+ 55. Kf1 Qf5+ 56. Kg2 Qg6+ 57. Kh2 Qh6+ 58. Kg1 Qg7+ 59. Kf2 Qxh8 60. Ke2 Qxh7 61. Kd2 Qd3+ 62. Kc1 Qe2 63. Kb1 Kb5 64. Ka1 Kb4 65. Kb1 Kb3 66. Ka1 Qa2# 0-1